A pageant of old Scandinavian / (Record no. 25365)
[ view plain ]
| 000 -LEADER | |
|---|---|
| fixed length control field | 00652nam a2200205Ia 4500 |
| 008 - FIXED-LENGTH DATA ELEMENTS--GENERAL INFORMATION | |
| fixed length control field | 210303s9999 xx 000 0 und d |
| 016 ## - NATIONAL BIBLIOGRAPHIC AGENCY CONTROL NUMBER | |
| Source | reto2022b |
| 040 ## - CATALOGING SOURCE | |
| Original cataloging agency | NLN |
| Language of cataloging | English |
| 100 ## - MAIN ENTRY--AUTHOR | |
| Author | LEACH, Henry Goddard |
| Dates associated with a name | 1880 |
| Relator term | aut |
| 245 #2 - TITLE STATEMENT | |
| Title | A pageant of old Scandinavian / |
| Statement of responsibility, etc | Henry Goddard Leach |
| 260 ## - PUBLICATION, DISTRIBUTION, ETC. (IMPRINT) | |
| Place of publication | New York : |
| Name of publisher | Princeton University Press, |
| Date of publication | 1946 |
| 300 ## - COLLATION | |
| Pagination | xv, 350p. |
| Other physical details | ; 24cm. |
| 563 ## - BINDING INFORMATION | |
| Binding note | (pbk) |
| 650 ## - TRACINGS | |
| Main Subject | English literature |
| Subdivision (1st) | Translations from Scandinavian |
| 650 ## - TRACINGS | |
| Main Subject | Scandinavian literature |
| Subdivision (1st) | Translation into English |
| 942 ## - ADDED ENTRY ELEMENTS (KOHA) | |
| Item type | Books |
| 050 ## - LIBRARY OF CONGRESS CALL NUMBER | |
| Classification number | PT7092 |
| Item number | .E5 |
| 082 ## - DEWEY DECIMAL CLASSIFICATION NUMBER | |
| Classification number | 839.5 |
| Withdrawn status | Lost status | Source of classification or shelving scheme | Damaged status | Not for loan | Home library | Current library | Date acquired | Total Checkouts | Full call number | Barcode. | Date last seen | Price effective from | Koha item type |
|---|---|---|---|---|---|---|---|---|---|---|---|---|---|
| Library of Congress Classification | LAGOS BRANCH | National Library of Nigeria | 04/03/2021 | PT7092 .E5 | 2025-454208 | 04/03/2021 | 04/03/2021 | Books |
